| 000 | 00818cam a22002532 4500 | ||
|---|---|---|---|
| 001 | 0000021261 | ||
| 005 | 20151217152229.0 | ||
| 008 | 120306s xx 000 0 eng d | ||
| 020 | _a8131701778 | ||
| 040 |
_aKABU _cKABU |
||
| 100 | 1 |
_aCaves, Richard E. _@0000099468 |
|
| 245 | 1 | 0 |
_aWorld trade and payments : _ban introduction / _cRichard E. Caves, Jeffrey A. Frankel, Ronald W. Jones. |
| 250 | _a9th ed. | ||
| 260 |
_aBoston : _bPearson, _c2002. |
||
| 300 | _a1v. (various paging) | ||
| 650 | 0 |
_aInternational trade. _@0000149976 |
|
| 650 | 0 |
_aCommercial policy. _@0000151318 |
|
| 650 | 0 |
_aBalance of payments. _@0000177684 |
|
| 700 | 1 |
_aFrankel, Jeffrey A. _@0000177685 |
|
| 700 | 1 |
_aJones, Ronald W. _@0000177686 |
|
| 908 | _a120306 | ||
| 950 | _@1 | ||
| 999 |
_c9622 _d9622 |
||